000 00320nam a2200133Ia 4500
008 210312s9999||||xx |||||||||||||| ||und||
041 _aosm
050 _aPS1300
050 _bY57
100 _aTwain, Mark
245 0 _a25 milyonluk banknot
260 _c1320
650 _aEdebiyat--Amerikan edebiyatı--Roman ve hikaye
999 _c22036
_d22036